|
|
|
|
| LEADER |
00000nta a2200000 i 4500 |
| 001 |
dolg34121 |
| 005 |
20210714083924.0 |
| 008 |
210714suuuu hu om 000 hun d |
| 040 |
|
|
|a BGE Dolgozattár Repozitórium
|b hun
|
| 041 |
|
|
|a hu
|
| 100 |
1 |
|
|a Diósi Gábor György
|
| 245 |
1 |
3 |
|a Az axolotl fémbevonási technológia magyarországi bevezetésének marketingstratégiája
|c Diósi Gábor György
|h [elektronikus dokumentum]
|
| 695 |
|
|
|a Piaci bevezetés
|
| 695 |
|
|
|a Marketingstratégia
|
| 700 |
1 |
|
|a Nincs adat Nincs adat
|e ths
|
| 856 |
4 |
0 |
|u http://dolgozattar.uni-bge.hu/34121/1/DB_0746_Di%C3%B3si%20G%C3%A1bor%20Gy%C3%B6rgy.pdf
|z Dokumentum-elérés
|